| 000 | 01281cam a2200253 i 4500 | ||
|---|---|---|---|
| 001 | 409974 | ||
| 005 | 20210329143223.0 | ||
| 008 | 800725s1980 miua b 001 0 eng | ||
| 010 | _a 80020198 | ||
| 020 | _a0835705331 | ||
| 040 |
_aCENDOC CAAAP _bspa _cCAAAP |
||
| 050 | 0 | 0 |
_aFP _b82.S4 B39 |
| 100 | 1 |
_aBergman, Roland W. _91965 |
|
| 245 | 1 | 0 |
_aAmazon economics : _bthe simplicity of Shipibo Indian wealth / _cRoland W. Bergman. |
| 260 |
_aAnn Arbor, MI : _bPublished for Dept. of Geography, Syracuse University by University Microfilms International, _c1980. |
||
| 300 |
_axxi, 249 p. : _bil. ; _c22 cm. |
||
| 490 | 1 |
_aDellplain Latin American studies ; _v6 |
|
| 504 | _aBibliografía: p. [237]-243. | ||
| 505 | _aThe question of primitive affluence -- The field and field work -- Rio Ucayali : a floodplain in the tropical rainforest -- Living there : four millenia of experience -- Panaillo : a shipibo village -- Crops the protein source -- Beyond food procurement -- Affluence made simple -- Panaillo revisited. | ||
| 650 | 0 |
_aIndígenas shipibo-conibo _xCondiciones económicas _91966 |
|
| 650 | 0 |
_aIndígenas de América del Sur _zPerú _zAmazonía _xCondiciones económicas _91785 |
|
| 830 | 0 |
_aDellplain Latin American studies ; _vno. 6. |
|
| 942 |
_2lcc _bDD - MM - AA _cBK |
||
| 999 |
_c811 _d811 |
||